Eighteenth century essays on Shakespeare /

Bibliographic Details
Main Author: Smith, David Nichol, 1875-1962
Format: Book
Language:English
Published: Glasgow : J. MacLehose and sons, 1903.
Subjects:

MARC

Tag First Indicator Second Indicator Subfields
LEADER 00000cam a2200000 4500
001 in00000021689
005 20151007063708.0
008 781026s1903 stk 00010 eng d
035 |a (OCoLC)04321853 
035 |9 AAD8022AM 
040 |a HDC  |c HDC  |d TXA  |d UtOrBLW 
049 |a TXAM  |c [203753] 
090 |a PR2968  |b .Sm62e 
090 |a PR2968  |b .S6 
092 |a 822.33  |b ES645e 
100 1 |a Smith, David Nichol,  |d 1875-1962. 
245 1 0 |a Eighteenth century essays on Shakespeare /  |c ed. by D. Nichol Smith, M.A. 
264 1 |a Glasgow :  |b J. MacLehose and sons,  |c 1903. 
300 |a lxiii, 358 pages 
336 |a text  |b txt  |2 rdacontent 
337 |a unmediated  |b n  |2 rdamedia 
338 |a volume  |b nc  |2 rdacarrier 
600 1 0 |a Shakespeare, William,  |d 1564-1616. 
600 1 0 |a Shakespeare, William,  |d 1564-1616  |x Appreciation. 
999 |a MARS 
999 f f |s 72f0295c-6716-3656-8e6c-32714ea39ae2  |i 57e50b37-3651-3f29-aa7c-04971c226734  |t 0 
952 f f |p normal  |a Texas A&M University  |b College Station  |c Sterling C. Evans Library  |d Evans: Library Stacks  |t 0  |e PR2968 .S6  |h Library of Congress classification  |i unmediated -- volume  |m A14801307711 
998 f f |a PR2968 .S6  |t 0  |l Evans: Library Stacks